01070nam a2200205Ia 4500952011000000999001700110008004100127020001500168050001800183100004500201245009700246260003100343300003100374500004600405505030500451519004500756650003400801650002200835942000700857 00102lcc4070a04b04d2008-07-16l1oHF5549 L43p04 001473r2013-05-22s2012-12-09t1w2012-06-24yLB c62116d62116120625s2006 mx r 001 0 spa d a9687427965 4aHF5549 bL431 aLechuga Santillán, Efraíne , autor 10aEstrategias parala optimización de los recursos humanos c / Efraín Lechuga Santillán  aMéxicob : ISEFc , 2006 a165 páginas c ; 21 cm.  a1a. edición 1998 3a. reimpresión 20060 aQué es una empresa Qué es un cliente Los recursos humanos Negociación La comunicación Las relaciones humanas La capacitación Trabajo en equipo La productividad La motivación El cambio La administración a tiempo La delegación de funciones Liderazgo Estilos de dirección  aMaterial Complementario / d(04 001473)  4aADMINISTRACIÓN DE PERSONAL  4aRECURSOS HUMANOS  cLB